[Event "Koge Lang Sommer Weekend"]
[Site "Koge"]
[Date "2020.07.22"]
[Round "1"]
[White "Hoi, Carsten"]
[Black "Olsson, Rasmus"]
[Result "1-0"]
[WhiteElo "2335"]
[BlackElo "1736"]
[PlyCount "57"]
[EventDate "2020.07.22"]
[EventType "swiss"]
[EventRounds "7"]
[EventCountry "DEN"]
[SourceTitle "EXT 2021"]
[Source "ChessBase"]
[SourceDate "2020.10.23"]
[SourceVersion "1"]
[SourceVersionDate "2020.10.23"]
[SourceQuality "1"]

1. d4 Nf6 2. c4 c5 3. e3 cxd4 4. exd4 d5 5. Nc3 Bf5 6. Qb3 Nc6 7. cxd5 Na5 8. Qa4+ Bd7 9. Qd1 e6 10. dxe6 Bxe6 11. Bb5+ Nc6 12. Nf3 Be7 13. Ne5 Rc8 14. 0-0 0-0 15. Bxc6 bxc6 16. Be3 Qc7 17. Rc1 Rfd8 18. Qf3 c5 19. Ne4 Bd5 20. Nxf6+ Bxf6 21. Qg3 Qb7 22. Ng4 Bxd4 23. Bxd4 cxd4 24. Nh6+ Kh8 25. Nf5 f6 26. Rxc8 Rxc8 27. Nd6 Qc6 28. Nxc8 Qxc8 29. Qd6 1-0